[Event "Commonwealth Open 2019"]
[Site "Delhi"]
[Date "2019.07.06"]
[Round "8.18"]
[White "Anilkumar, O.T."]
[Black "Ajay Karthikeyan"]
[Result "1/2-1/2"]
[WhiteElo "1989"]
[BlackElo "2216"]
[Annotator "NA"]
[PlyCount "128"]
[EventDate "2019.06.30"]
[EventType "swiss"]
[EventCountry "IND"]
[SourceTitle "playchess.com"]
[Source "ChessBase"]
[SourceQuality "1"]
[TimeControl "5400+30"]

1. d4 {[%emt 0:00:00]} d6 {[%emt 0:00:46]} 2. e4 {[%emt 0:00:00]} Nf6 {[%emt 0:00:03]} 3. Nc3 {[%emt 0:00:21]} g6 {[%emt 0:00:03]} 4. Nf3 {[%emt 0:00:40]} Bg7 {[%emt 0:00:43]} 5. Bd3 {[%emt 0:00:19]} O-O {[%emt 0:00:15]} 6. h3 {[%emt 0:00:06]} Nc6 {[%emt 0:01:32]} 7. Bg5 {[%emt 0:00:31]} h6 {[%emt 0:00:48]} 8. Be3 {[%emt 0:00:12]} e5 {[%emt 0:00:35]} 9. dxe5 {[%emt 0:01:20]} dxe5 {[%emt 0:01:35]} 10. Qd2 {[%emt 0:00:02]} Kh7 {[%emt 0:00:39]} 11. O-O-O {[%emt 0:04:08]} Be6 {[%emt 0:08:40]} 12. Kb1 {[%emt 0:00:20]} a6 {[%emt 0:00:50]} 13. g4 {[%emt 0:00:03]} Nd7 {[%emt 0:00:31]} 14. Ne2 {[%emt 0:03:25]} Nb6 {[%emt 0:08:13]} 15. Ng3 {[%emt 0:06:11]} Nd4 {[%emt 0:02:09]} 16. Ne1 {[%emt 0:03:54]} Nc4 {[%emt 0:11:03]} 17. Bxc4 {[%emt 0:00:02]} Bxc4 {[%emt 0:00:01]} 18. c3 {[%emt 0:00:20]} Ne6 {[%emt 0:01:58]} 19. b3 {[%emt 0:04:35]} Qxd2 {[%emt 0:00:53]} 20. Rxd2 {[%emt 0:00:03]} Bb5 {[%emt 0:00:01]} 21. Ng2 {[%emt 0:00:36]} a5 {[%emt 0:01:57]} 22. h4 {[%emt 0:05:59]} Rfd8 {[%emt 0:06:06]} 23. Rhd1 {[%emt 0:01:12]} Bf8 {[%emt 0:12:16]} 24. Rxd8 {[%emt 0:00:58]} Rxd8 {[%emt 0:00:06]} 25. Rxd8 {[%emt 0:00:09]} Nxd8 {[%emt 0:00:01]} 26. Kc2 {[%emt 0:00:41]} b6 {[%emt 0:00:30]} 27. f3 {[%emt 0:00:13]} Ne6 {[%emt 0:00:22]} 28. c4 {[%emt 0:01:22]} Bc6 {[%emt 0:02:15]} 29. Kd3 {[%emt 0:08:46]} a4 {[%emt 0:02:27]} 30. Ne2 {[%emt 0:06:10]} axb3 {[%emt 0:00:18]} 31. axb3 {[%emt 0:00:04]} f5 {[%emt 0:13:37]} 32. Nc3 {[%emt 0:13:27]} fxg4 {[%emt 0:00:26]} 33. fxg4 {[%emt 0:00:02]} Be7 {[%emt 0:03:15]} 34. Nd5 {[%emt 0:00:06]} Bd8 {[%emt 0:00:01]} 35. Bf2 {[%emt 0:01:05]} Bd7 {[%emt 0:01:25]} 36. b4 {[%emt 0:01:28]} Nd4 {[%emt 0:09:03]} 37. Nde3 {[%emt 0:07:58]} Kg7 {[%emt 0:07:20]} 38. Bg3 {[%emt 0:00:03]} Kf6 {[%emt 0:00:59]} 39. Nd5+ {[%emt 0:00:35]} Ke6 {[%emt 0:00:18]} 40. Ngf4+ {[%emt 0:02:23]} Kf7 {[%emt 0:00:49]} 41. Ng2 {[%emt 0:00:01]} Bxg4 {[%emt 0:02:37]} 42. Bxe5 {[%emt 0:00:02]} Ne6 {[%emt 0:00:06]} 43. Bg3 {[%emt 0:00:44]} c6 {[%emt 0:01:58]} 44. Nde3 {[%emt 0:03:22]} Bh3 {[%emt 0:00:07]} 45. Ne1 {[%emt 0:01:46]} g5 {[%emt 0:00:31]} 46. hxg5 {[%emt 0:00:02]} Nxg5 {[%emt 0:00:12]} 47. Bd6 {[%emt 0:01:09]} h5 {[%emt 0:00:45]} 48. N1c2 {[%emt 0:00:48]} Bd7 {[%emt 0:01:35]} 49. Ng2 {[%emt 0:00:47]} Ne6 {[%emt 0:00:38]} 50. Bg3 {[%emt 0:00:08]} Kg6 {[%emt 0:00:58]} 51. Nce3 {[%emt 0:04:43]} Be7 {[%emt 0:00:01]} 52. Be1 {[%emt 0:02:02]} Nf8 {[%emt 0:00:57]} 53. Kd4 {[%emt 0:01:33]} Kf7 {[%emt 0:00:37]} 54. e5 {[%emt 0:00:57]} c5+ {[%emt 0:00:20]} 55. bxc5 {[%emt 0:00:09]} Bxc5+ {[%emt 0:00:01]} 56. Ke4 {[%emt 0:00:25]} Ne6 {[%emt 0:00:59]} 57. Bh4 {[%emt 0:00:43]} Bc6+ {[%emt 0:00:08]} 58. Nd5 {[%emt 0:00:05]} Kg6 {[%emt 0:00:34]} 59. Ngf4+ {[%emt 0:05:29]} Nxf4 {[%emt 0:00:01]} 60. Kxf4 {[%emt 0:00:01]} Kf7 {[%emt 0:00:01]} 61. Kf5 {[%emt 0:01:24]} Bd7+ {[%emt 0:00:15]} 62. Ke4 {[%emt 0:00:48]} Bc6 {[%emt 0:00:40]} 63. Kf5 {[%emt 0:00:02]} Bd7+ {[%emt 0:00:05]} 64. Ke4 {[%emt 0:00:02]} Bc6 {[%emt 0:00:44]} 1/2-1/2

[Event "Commonwealth Open 2019"]
[Site "Delhi"]
[Date "2019.07.06"]
[Round "8.19"]
[White "Srihari L R"]
[Black "Arya, Bhakta"]
[Result "1-0"]
[WhiteElo "2200"]
[BlackElo "2050"]
[Annotator "NA"]
[PlyCount "107"]
[EventDate "2019.06.30"]
[EventType "swiss"]
[EventCountry "IND"]
[SourceTitle "playchess.com"]
[Source "ChessBase"]
[SourceQuality "1"]
[TimeControl "5400+30"]

1. d3 {[%emt 0:02:03]} f5 {[%emt 0:00:36]} 2. e4 {[%emt 0:00:07]} d6 {[%emt 0:02:01]} 3. c4 {[%emt 0:04:36]} e5 {[%emt 0:01:51]} 4. Nc3 {[%emt 0:00:17]} Nf6 {[%emt 0:02:28]} 5. g3 {[%emt 0:03:30]} fxe4 {[%emt 0:01:23]} 6. dxe4 {[%emt 0:00:06]} g6 {[%emt 0:00:10]} 7. Bg2 {[%emt 0:00:23]} Bg7 {[%emt 0:00:07]} 8. Nge2 {[%emt 0:00:05]} O-O {[%emt 0:00:45]} 9. O-O {[%emt 0:02:37]} Be6 {[%emt 0:01:22]} 10. Nd5 {[%emt 0:02:57]} c6 {[%emt 0:01:02]} 11. Ne3 {[%emt 0:02:54]} Ng4 {[%emt 0:07:45]} 12. b3 {[%emt 0:19:28]} Nxe3 {[%emt 0:04:38]} 13. Bxe3 {[%emt 0:02:00]} c5 {[%emt 0:00:35]} 14. f4 {[%emt 0:13:19]} Nc6 {[%emt 0:06:31]} 15. f5 {[%emt 0:04:57]} gxf5 {[%emt 0:04:25]} 16. exf5 {[%emt 0:01:25]} Bxf5 {[%emt 0:01:42]} 17. Qd5+ {[%emt 0:01:58]} Kh8 {[%emt 0:00:18]} 18. Rad1 {[%emt 0:00:53]} Bg4 {[%emt 0:03:30]} 19. Rxf8+ {[%emt 0:09:45]} Bxf8 {[%emt 0:19:11]} 20. Rd2 {[%emt 0:08:33]} Qe8 {[%emt 0:10:52]} 21. Nc3 {[%emt 0:02:19]} Qg6 {[%emt 0:07:06]} 22. Be4 {[%emt 0:05:32]} Qh5 {[%emt 0:08:52]} 23. Rf2 {[%emt 0:02:16]} Rd8 {[%emt 0:06:55]} 24. Qf7 {[%emt 0:05:05]} Bg7 {[%emt 0:03:19]} 25. Qxb7 {[%emt 0:01:23]} Nd4 {[%emt 0:00:44]} 26. Rf7 {[%emt 0:03:26]} Rg8 {[%emt 0:00:38]} 27. Bd5 {[%emt 0:00:53]} Qg6 {[%emt 0:01:03]} 28. Rf2 {[%emt 0:00:38]} Rf8 {[%emt 0:01:26]} 29. Rxf8+ {[%emt 0:00:28]} Bxf8 {[%emt 0:00:06]} 30. Qb8 {[%emt 0:00:34]} Qf6 {[%emt 0:02:06]} 31. Bg5 {[%emt 0:00:28]} Nf3+ {[%emt 0:00:15]} 32. Bxf3 {[%emt 0:00:07]} Qxf3 {[%emt 0:00:03]} 33. Bh6 {[%emt 0:00:21]} Kg8 {[%emt 0:00:08]} 34. Qxf8+ {[%emt 0:00:10]} Qxf8 {[%emt 0:00:07]} 35. Bxf8 {[%emt 0:00:11]} Kxf8 {[%emt 0:00:03]} 36. Nb5 {[%emt 0:00:06]} Ke7 {[%emt 0:00:49]} 37. Nxa7 {[%emt 0:00:11]} Bd1 {[%emt 0:00:24]} 38. Kf2 {[%emt 0:00:35]} Bc2 {[%emt 0:01:34]} 39. Nb5 {[%emt 0:00:06]} Ke6 {[%emt 0:00:39]} 40. Ke3 {[%emt 0:00:22]} h5 {[%emt 0:00:16]} 41. Nc3 {[%emt 0:00:33]} Kf6 {[%emt 0:01:02]} 42. Kd2 {[%emt 0:00:33]} Bf5 {[%emt 0:00:10]} 43. a3 {[%emt 0:01:30]} Kg5 {[%emt 0:00:28]} 44. Nb5 {[%emt 0:00:23]} Kg4 {[%emt 0:00:49]} 45. Nxd6 {[%emt 0:00:05]} Bd7 {[%emt 0:00:13]} 46. Ke3 {[%emt 0:00:59]} Kh3 {[%emt 0:00:08]} 47. b4 {[%emt 0:00:08]} cxb4 {[%emt 0:00:19]} 48. axb4 {[%emt 0:00:02]} Kxh2 {[%emt 0:00:11]} 49. Kf2 {[%emt 0:00:03]} Bc6 {[%emt 0:00:49]} 50. b5 {[%emt 0:00:04]} Ba8 {[%emt 0:00:05]} 51. c5 {[%emt 0:00:10]} e4 {[%emt 0:00:05]} 52. c6 {[%emt 0:00:14]} e3+ 53. Kxe3 {[%emt 0:00:05]} Kxg3 {[%emt 0:00:50]} 54. c7 {[%emt 0:00:06]} 1-0

[Event "Commonwealth Open 2019"]
[Site "Delhi"]
[Date "2019.07.06"]
[Round "8.20"]
[White "Saypuri, Srithan"]
[Black "Varshini, V."]
[Result "0-1"]
[WhiteElo "1816"]
[BlackElo "2087"]
[Annotator "NA"]
[PlyCount "84"]
[EventDate "2019.06.30"]
[EventType "swiss"]
[EventCountry "IND"]
[SourceTitle "playchess.com"]
[Source "ChessBase"]
[SourceQuality "1"]
[TimeControl "5400+30"]

1. e4 {[%emt 0:00:00]} c5 {[%emt 0:00:00]} 2. Nc3 {[%emt 0:04:43]} d6 {[%emt 0:00:00]} 3. g3 {[%emt 0:00:06]} Nc6 {[%emt 0:00:00]} 4. Bg2 {[%emt 0:00:06]} g6 {[%emt 0:00:20]} 5. d3 {[%emt 0:00:05]} Bg7 {[%emt 0:00:16]} 6. Be3 {[%emt 0:00:12]} e6 {[%emt 0:00:38]} 7. Qd2 {[%emt 0:00:14]} Rb8 {[%emt 0:01:34]} 8. Nge2 {[%emt 0:00:12]} Nd4 {[%emt 0:00:36]} 9. O-O {[%emt 0:00:09]} Ne7 {[%emt 0:02:17]} 10. Nc1 {[%emt 0:00:13]} O-O {[%emt 0:00:43]} 11. Nd1 {[%emt 0:00:08]} e5 {[%emt 0:03:30]} 12. c3 {[%emt 0:00:37]} Ne6 {[%emt 0:01:22]} 13. Bh6 {[%emt 0:04:52]} f5 {[%emt 0:12:02]} 14. Bxg7 {[%emt 0:00:10]} Kxg7 {[%emt 0:00:07]} 15. f4 {[%emt 0:04:28]} b6 {[%emt 0:08:13]} 16. Qe3 {[%emt 0:18:23]} Qc7 {[%emt 0:03:29]} 17. Ne2 {[%emt 0:22:08]} Ba6 {[%emt 0:05:17]} 18. exf5 {[%emt 0:03:51]} Nxf5 {[%emt 0:01:37]} 19. Qd2 {[%emt 0:04:38]} c4 {[%emt 0:13:39]} 20. d4 {[%emt 0:04:40]} exd4 {[%emt 0:01:01]} 21. g4 {[%emt 0:00:14]} d3 {[%emt 0:03:00]} 22. gxf5 {[%emt 0:07:34]} dxe2 {[%emt 0:00:11]} 23. Qxe2 {[%emt 0:03:57]} Qc5+ {[%emt 0:00:06]} 24. Kh1 {[%emt 0:04:47]} Qxf5 {[%emt 0:00:08]} 25. Ne3 {[%emt 0:00:59]} Qd3 {[%emt 0:07:10]} 26. Qg4 {[%emt 0:02:23]} Nc5 {[%emt 0:04:58]} 27. Nd5 {[%emt 0:05:08]} Qf5 {[%emt 0:03:04]} 28. Qe2 {[%emt 0:01:36]} Qf7 {[%emt 0:15:02]} 29. Qe3 {[%emt 0:01:39]} Kh8 {[%emt 0:00:11]} 30. f5 {[%emt 0:03:25]} gxf5 {[%emt 0:00:59]} 31. Rg1 {[%emt 0:00:17]} Qg7 {[%emt 0:00:47]} 32. Bf3 {[%emt 0:00:37]} Qe5 {[%emt 0:00:08]} 33. Qh6 {[%emt 0:00:11]} Bb7 {[%emt 0:01:04]} 34. Rae1 {[%emt 0:01:51]} Bxd5 {[%emt 0:00:18]} 35. Bxd5 {[%emt 0:01:04]} Qxd5+ {[%emt 0:00:08]} 36. Rg2 {[%emt 0:00:02]} Qf7 {[%emt 0:00:54]} 37. Reg1 {[%emt 0:00:22]} Ne4 {[%emt 0:00:54]} 38. h4 {[%emt 0:00:55]} Rg8 {[%emt 0:00:41]} 39. Qe3 {[%emt 0:01:15]} Rxg2 {[%emt 0:00:08]} 40. Rxg2 {[%emt 0:00:04]} Rg8 {[%emt 0:00:29]} 41. Qd4+ {[%emt 0:00:07]} Qf6 {[%emt 0:00:06]} 42. Qxc4 {[%emt 0:00:21]} Qxh4+ {[%emt 0:00:18]} 0-1

[Event "Commonwealth Open 2019"]
[Site "Delhi"]
[Date "2019.07.06"]
[Round "8.21"]
[White "Mahindrakar Indrajeet"]
[Black "Thipsay, Praveen M"]
[Result "1/2-1/2"]
[WhiteElo "2092"]
[BlackElo "2405"]
[Annotator "NA"]
[PlyCount "81"]
[EventDate "2019.06.30"]
[EventType "swiss"]
[EventCountry "IND"]
[SourceTitle "playchess.com"]
[Source "ChessBase"]
[SourceQuality "1"]
[TimeControl "5400+30"]

1. e4 e5 2. Nf3 Nc6 3. Bb5 a6 4. Ba4 Nf6 5. O-O Be7 6. Bxc6 dxc6 7. Qe1 c5 8. Nxe5 Qd4 9. Nf3 Qxe4 10. Qxe4 Nxe4 11. Re1 Nf6 12. b3 Nd5 13. Bb2 f6 14. Nc3 Nxc3 15. Bxc3 Kf7 16. d3 Bd7 17. a4 Bc6 18. Nd2 b5 19. axb5 axb5 20. Rxa8 Rxa8 21. Ra1 Rd8 22. f3 f5 23. Be5 Bd6 24. Bxd6 cxd6 25. Ra7+ Rd7 26. Rxd7+ Bxd7 27. Kf2 Bc6 28. Ke3 Ke6 29. Kf4 h6 30. h4 Kf6 31. h5 Be8 32. g4 fxg4 33. fxg4 b4 34. Nc4 Ke6 35. Ne3 g6 36. hxg6 Bxg6 37. Nf1 Kd5 38. Ng3 Ke6 39. Nf1 d5 40. Nd2 Kf6 41. Nf3 1/2-1/2

[Event "Commonwealth Open 2019"]
[Site "Delhi"]
[Date "2019.07.06"]
[Round "8.22"]
[White "Oatlhotse, Providence"]
[Black "Bommini, Mounika Akshaya"]
[Result "1-0"]
[WhiteElo "2244"]
[BlackElo "2063"]
[Annotator "NA"]
[PlyCount "49"]
[EventDate "2019.06.30"]
[EventType "swiss"]
[EventCountry "IND"]
[SourceTitle "playchess.com"]
[Source "ChessBase"]
[SourceQuality "1"]
[TimeControl "5400+30"]

1. c4 {[%emt 0:00:41]} e5 {[%emt 0:00:00]} 2. g3 {[%emt 0:00:02]} c6 {[%emt 0:00:00]} 3. Nf3 {[%emt 0:00:03]} e4 {[%emt 0:00:00]} 4. Nd4 {[%emt 0:00:02]} d5 {[%emt 0:00:31]} 5. cxd5 {[%emt 0:00:03]} Qxd5 {[%emt 0:00:18]} 6. e3 {[%emt 0:00:03]} Nf6 {[%emt 0:00:46]} 7. Nc3 {[%emt 0:00:18]} Qe5 {[%emt 0:00:06]} 8. f4 {[%emt 0:00:14]} Qe7 {[%emt 0:08:49]} 9. b4 {[%emt 0:00:13]} a5 {[%emt 0:12:37]} 10. b5 {[%emt 0:04:37]} Bg4 {[%emt 0:03:38]} 11. Qc2 {[%emt 0:02:16]} c5 {[%emt 0:05:19]} 12. Ba3 {[%emt 0:00:16]} Qd8 {[%emt 0:01:42]} 13. Nde2 {[%emt 0:17:49]} Bf3 {[%emt 0:08:48]} 14. Rg1 {[%emt 0:00:05]} Nbd7 {[%emt 0:04:02]} 15. Bg2 {[%emt 0:01:22]} Qb6 {[%emt 0:19:09]} 16. Nxe4 {[%emt 0:04:26]} Bxg2 {[%emt 0:00:40]} 17. Rxg2 {[%emt 0:00:52]} Qxb5 {[%emt 0:00:15]} 18. N2c3 {[%emt 0:06:15]} Qc6 {[%emt 0:01:21]} 19. Rb1 {[%emt 0:00:18]} Be7 {[%emt 0:01:36]} 20. Nxf6+ {[%emt 0:00:51]} Nxf6 {[%emt 0:01:30]} 21. Qa4 {[%emt 0:00:33]} Kd7 {[%emt 0:03:50]} 22. Rxb7+ {[%emt 0:00:10]} Kd6 {[%emt 0:01:33]} 23. Nb5+ {[%emt 0:01:49]} Kd5 {[%emt 0:02:19]} 24. Qb3+ {[%emt 0:02:17]} c4 {[%emt 0:01:00]} 25. Nc3+ {[%emt 0:00:08]} 1-0

[Event "Commonwealth Open 2019"]
[Site "Delhi"]
[Date "2019.07.06"]
[Round "8.23"]
[White "Sa, Kannan"]
[Black "Mohota, Nisha"]
[Result "1-0"]
[WhiteElo "1947"]
[BlackElo "2221"]
[Annotator "NA"]
[PlyCount "91"]
[EventDate "2019.06.30"]
[EventType "swiss"]
[EventCountry "IND"]
[SourceTitle "playchess.com"]
[Source "ChessBase"]
[SourceQuality "1"]
[TimeControl "5400+30"]

1. d4 {[%emt 0:08:55]} Nf6 {[%emt 0:00:00]} 2. Nf3 {[%emt 0:00:12]} d5 {[%emt 0:00:00]} 3. c3 {[%emt 0:00:07]} e6 {[%emt 0:00:37]} 4. Bg5 {[%emt 0:00:09]} h6 {[%emt 0:01:18]} 5. Bh4 {[%emt 0:00:11]} Be7 {[%emt 0:05:02]} 6. Nbd2 {[%emt 0:00:24]} c5 {[%emt 0:03:21]} 7. e3 {[%emt 0:00:44]} cxd4 {[%emt 0:01:53]} 8. exd4 {[%emt 0:00:31]} Nbd7 {[%emt 0:00:26]} 9. Bd3 {[%emt 0:00:43]} Nh5 {[%emt 0:02:33]} 10. Bg3 {[%emt 0:03:20]} Nxg3 {[%emt 0:06:51]} 11. hxg3 {[%emt 0:00:11]} a6 {[%emt 0:00:24]} 12. g4 {[%emt 0:03:16]} b6 {[%emt 0:05:02]} 13. Qe2 {[%emt 0:00:53]} Bb7 {[%emt 0:00:52]} 14. Qe3 {[%emt 0:00:40]} Rg8 {[%emt 0:13:52]} 15. Kf1 {[%emt 0:09:59]} b5 {[%emt 0:07:40]} 16. a3 {[%emt 0:10:07]} Nb6 {[%emt 0:04:01]} 17. Ne5 {[%emt 0:05:29]} Nc4 {[%emt 0:06:25]} 18. Ndxc4 {[%emt 0:03:35]} dxc4 {[%emt 0:00:14]} 19. Be4 {[%emt 0:00:50]} Bxe4 {[%emt 0:13:56]} 20. Qxe4 {[%emt 0:00:44]} Bf6 {[%emt 0:06:43]} 21. Qc6+ {[%emt 0:12:49]} Kf8 {[%emt 0:00:41]} 22. Re1 {[%emt 0:12:03]} Rh8 {[%emt 0:04:46]} 23. Nd7+ {[%emt 0:04:28]} Kg8 {[%emt 0:05:02]} 24. Nxf6+ {[%emt 0:07:04]} gxf6 {[%emt 0:00:07]} 25. Rh5 {[%emt 0:00:26]} Kg7 {[%emt 0:04:32]} 26. Re3 {[%emt 0:02:45]} Ra7 {[%emt 0:00:49]} 27. Qe4 {[%emt 0:02:21]} Rd7 {[%emt 0:00:32]} 28. Reh3 {[%emt 0:00:37]} Rd5 {[%emt 0:00:17]} 29. R5h4 {[%emt 0:01:22]} Rg5 {[%emt 0:01:09]} 30. f4 {[%emt 0:00:20]} Qd5 {[%emt 0:00:26]} 31. Qe3 {[%emt 0:00:24]} Rg6 {[%emt 0:00:02]} 32. Rh5 {[%emt 0:00:18]} f5 {[%emt 0:01:51]} 33. g5 {[%emt 0:01:54]} a5 {[%emt 0:01:50]} 34. Kf2 {[%emt 0:00:57]} f6 {[%emt 0:01:27]} 35. gxf6+ {[%emt 0:01:18]} Kxf6 {[%emt 0:00:37]} 36. Rg3 {[%emt 0:00:43]} Rhg8 {[%emt 0:01:32]} 37. Rxh6 {[%emt 0:00:30]} Rxh6 {[%emt 0:00:47]} 38. Rxg8 {[%emt 0:00:08]} Rg6 {[%emt 0:00:49]} 39. Qe5+ {[%emt 0:00:40]} Kf7 {[%emt 0:00:17]} 40. Qxd5 {[%emt 0:01:13]} exd5 {[%emt 0:00:02]} 41. Rxg6 {[%emt 0:01:23]} Kxg6 {[%emt 0:00:02]} 42. Kg3 {[%emt 0:00:16]} Kh5 {[%emt 0:00:08]} 43. Kh3 {[%emt 0:00:06]} Kh6 {[%emt 0:01:14]} 44. g4 {[%emt 0:00:13]} Kg6 {[%emt 0:00:29]} 45. Kh4 {[%emt 0:00:37]} a4 {[%emt 0:00:30]} 46. g5 {[%emt 0:00:36]} 1-0

[Event "Commonwealth Open 2019"]
[Site "Delhi"]
[Date "2019.07.06"]
[Round "8.24"]
[White "Jubin Jimmy"]
[Black "Karthik, Sai Ch"]
[Result "1-0"]
[WhiteElo "2219"]
[BlackElo "1963"]
[Annotator "NA"]
[PlyCount "83"]
[EventDate "2019.06.30"]
[EventType "swiss"]
[EventCountry "IND"]
[SourceTitle "playchess.com"]
[Source "ChessBase"]
[SourceQuality "1"]
[TimeControl "5400+30"]

1. d4 d5 2. c4 c6 3. Nc3 Nf6 4. Nf3 a6 5. c5 b6 6. cxb6 Nbd7 7. Bf4 Qxb6 8. Na4 Qa5+ 9. Bd2 Qc7 10. e3 e6 11. Rc1 Bd6 12. Qc2 Bb7 13. Bd3 O-O 14. O-O h6 15. h3 a5 16. Bc3 Ba6 17. Nd2 Bb5 18. Rfe1 Bxa4 19. Qxa4 c5 20. e4 cxd4 21. Bxd4 Qb8 22. exd5 exd5 23. Nf3 Re8 24. Rxe8+ Qxe8 25. Qc6 Bf4 26. Rc2 Rb8 27. g3 Ne5 28. Qxe8+ Rxe8 29. Nxe5 Bxe5 30. Bxe5 Rxe5 31. Rc5 a4 32. Ra5 Re1+ 33. Kg2 Kf8 34. Rxa4 Rd1 35. Ra3 Rd2 36. b4 d4 37. b5 Nd5 38. Be4 Nc3 39. b6 Rb2 40. b7 Nxe4 41. Rb3 Rxf2+ 42. Kg1 1-0

[Event "Commonwealth Open 2019"]
[Site "Delhi"]
[Date "2019.07.06"]
[Round "8.25"]
[White "Patil, Harshal"]
[Black "Arpita, Mukherjee"]
[Result "0-1"]
[WhiteElo "1809"]
[BlackElo "2248"]
[Annotator "NA"]
[PlyCount "64"]
[EventDate "2019.06.30"]
[EventType "swiss"]
[EventCountry "IND"]
[SourceTitle "playchess.com"]
[Source "ChessBase"]
[SourceQuality "1"]
[TimeControl "5400+30"]

1. Nf3 {[%emt 0:00:49]} Nf6 {[%emt 0:00:00]} 2. d4 {[%emt 0:01:09]} g6 {[%emt 0:00:20]} 3. Bf4 {[%emt 0:00:18]} Bg7 {[%emt 0:00:18]} 4. e3 {[%emt 0:00:25]} d6 {[%emt 0:00:10]} 5. h3 {[%emt 0:00:17]} O-O {[%emt 0:00:25]} 6. Be2 {[%emt 0:06:26]} Nbd7 {[%emt 0:01:09]} 7. O-O {[%emt 0:00:31]} b6 {[%emt 0:00:14]} 8. c4 {[%emt 0:00:58]} Bb7 {[%emt 0:00:07]} 9. Nc3 {[%emt 0:00:11]} a6 {[%emt 0:03:20]} 10. Qc2 {[%emt 0:02:02]} c5 {[%emt 0:03:25]} 11. Rfd1 {[%emt 0:08:21]} cxd4 {[%emt 0:01:31]} 12. exd4 {[%emt 0:00:02]} Rc8 {[%emt 0:02:38]} 13. b4 {[%emt 0:00:54]} Bxf3 {[%emt 0:01:09]} 14. gxf3 {[%emt 0:00:49]} Nh5 {[%emt 0:01:42]} 15. Bg5 {[%emt 0:10:47]} h6 {[%emt 0:01:25]} 16. Be3 {[%emt 0:02:38]} e5 {[%emt 0:03:12]} 17. dxe5 {[%emt 0:04:08]} Bxe5 {[%emt 0:00:43]} 18. Qd2 {[%emt 0:11:54]} Qh4 {[%emt 0:03:32]} 19. Nd5 {[%emt 0:03:58]} Qxh3 {[%emt 0:05:46]} 20. f4 {[%emt 0:00:33]} Bxa1 {[%emt 0:00:12]} 21. Ne7+ {[%emt 0:01:18]} Kh7 {[%emt 0:03:37]} 22. Nxc8 {[%emt 0:00:08]} Rxc8 {[%emt 0:05:12]} 23. Rxa1 {[%emt 0:11:29]} Ndf6 {[%emt 0:06:15]} 24. Bf1 {[%emt 0:04:31]} Qg4+ {[%emt 0:05:14]} 25. Kh1 {[%emt 0:00:32]} Qh4+ {[%emt 0:01:18]} 26. Kg1 {[%emt 0:02:21]} Ng4 {[%emt 0:00:07]} 27. Bg2 {[%emt 0:01:17]} Qh2+ {[%emt 0:00:47]} 28. Kf1 {[%emt 0:00:09]} Nxe3+ {[%emt 0:00:03]} 29. Qxe3 {[%emt 0:00:44]} Nxf4 {[%emt 0:00:30]} 30. Bf3 {[%emt 0:02:25]} Nh3 {[%emt 0:02:31]} 31. Ke2 {[%emt 0:01:03]} Nxf2 {[%emt 0:00:21]} 32. Qxf2 {[%emt 0:03:43]} Qe5+ {[%emt 0:00:08]} 0-1

[Event "Commonwealth Open 2019"]
[Site "Delhi"]
[Date "2019.07.06"]
[Round "8.26"]
[White "Sanjeet, Manohar"]
[Black "Sharma Isha"]
[Result "1-0"]
[WhiteElo "1905"]
[BlackElo "2188"]
[Annotator "NA"]
[PlyCount "63"]
[EventDate "2019.06.30"]
[EventType "swiss"]
[EventCountry "IND"]
[SourceTitle "playchess.com"]
[Source "ChessBase"]
[SourceQuality "1"]
[TimeControl "5400+30"]

1. e4 {[%emt 0:00:00]} d6 {[%emt 0:00:00]} 2. d4 {[%emt 0:00:00]} Nf6 {[%emt 0:00:00]} 3. Nc3 {[%emt 0:00:00]} e5 {[%emt 0:00:04]} 4. Nf3 {[%emt 0:00:00]} Nbd7 {[%emt 0:00:05]} 5. g4 {[%emt 0:00:00]} Nxg4 {[%emt 0:00:24]} 6. Rg1 {[%emt 0:00:01]} exd4 {[%emt 0:00:04]} 7. Qxd4 {[%emt 0:13:34]} Nde5 {[%emt 0:00:08]} 8. Be2 {[%emt 0:13:52]} Nxf3+ {[%emt 0:02:09]} 9. Bxf3 {[%emt 0:00:04]} Ne5 {[%emt 0:00:09]} 10. Be2 {[%emt 0:01:54]} Be6 {[%emt 0:00:08]} 11. Be3 {[%emt 0:07:15]} Bc4 {[%emt 0:00:51]} 12. Rg3 {[%emt 0:10:07]} c5 {[%emt 0:06:47]} 13. Qd2 {[%emt 0:00:31]} Qd7 {[%emt 0:02:37]} 14. f4 {[%emt 0:04:21]} Bxe2 {[%emt 0:00:19]} 15. Qxe2 {[%emt 0:04:22]} Nc6 {[%emt 0:00:38]} 16. O-O-O {[%emt 0:00:15]} Qc8 {[%emt 0:08:02]} 17. Nb5 {[%emt 0:07:11]} Qb8 {[%emt 0:08:48]} 18. e5 {[%emt 0:07:00]} dxe5 {[%emt 0:12:08]} 19. fxe5 {[%emt 0:00:41]} Nd8 {[%emt 0:27:01]} 20. Nd6+ {[%emt 0:06:56]} Bxd6 {[%emt 0:00:07]} 21. exd6 {[%emt 0:00:03]} Ne6 {[%emt 0:01:32]} 22. d7+ {[%emt 0:01:05]} Kd8 {[%emt 0:00:23]} 23. Rxg7 {[%emt 0:01:28]} Rf8 {[%emt 0:07:36]} 24. Qh5 {[%emt 0:00:48]} f6 {[%emt 0:02:06]} 25. Rf7 {[%emt 0:02:33]} Rh8 {[%emt 0:02:57]} 26. Rxh7 {[%emt 0:02:57]} Rf8 {[%emt 0:00:08]} 27. Rf7 {[%emt 0:00:54]} Rxf7 {[%emt 0:01:28]} 28. Qxf7 {[%emt 0:00:06]} Qe5 {[%emt 0:00:08]} 29. Qe8+ {[%emt 0:00:55]} Kc7 {[%emt 0:00:05]} 30. Qxa8 {[%emt 0:00:33]} Qxe3+ {[%emt 0:00:05]} 31. Kb1 {[%emt 0:00:05]} Nd8 {[%emt 0:00:06]} 32. Qc8+ {[%emt 0:00:04]} 1-0

[Event "Commonwealth Open 2019"]
[Site "Delhi"]
[Date "2019.07.06"]
[Round "8.27"]
[White "Deepak, Katiyar"]
[Black "Sudarshan, Bhat"]
[Result "1/2-1/2"]
[WhiteElo "2140"]
[BlackElo "1835"]
[Annotator "NA"]
[PlyCount "64"]
[EventDate "2019.06.30"]
[EventType "swiss"]
[EventCountry "IND"]
[SourceTitle "playchess.com"]
[Source "ChessBase"]
[SourceQuality "1"]
[TimeControl "5400+30"]

1. e4 {[%emt 0:00:00]} e5 {[%emt 0:00:40]} 2. Nf3 {[%emt 0:00:00]} Nc6 {[%emt 0:00:06]} 3. Bb5 {[%emt 0:00:00]} f5 {[%emt 0:00:35]} 4. d3 {[%emt 0:01:01]} Nf6 {[%emt 0:00:15]} 5. O-O {[%emt 0:00:55]} Bc5 {[%emt 0:00:44]} 6. exf5 {[%emt 0:02:20]} O-O {[%emt 0:00:37]} 7. Nc3 {[%emt 0:02:05]} Nd4 {[%emt 0:00:34]} 8. Nxd4 {[%emt 0:02:53]} Bxd4 {[%emt 0:00:10]} 9. Ne2 {[%emt 0:05:49]} Bb6 {[%emt 0:07:53]} 10. d4 {[%emt 0:05:31]} exd4 {[%emt 0:06:48]} 11. Nxd4 {[%emt 0:00:23]} c6 {[%emt 0:00:11]} 12. Be2 {[%emt 0:02:29]} c5 {[%emt 0:05:15]} 13. Nf3 {[%emt 0:04:36]} d5 {[%emt 0:00:20]} 14. Nh4 {[%emt 0:00:27]} Ne4 {[%emt 0:05:42]} 15. g3 {[%emt 0:00:53]} Bxf5 {[%emt 0:03:00]} 16. Nxf5 {[%emt 0:04:09]} Rxf5 {[%emt 0:00:50]} 17. Bf3 {[%emt 0:01:43]} c4 {[%emt 0:37:55]} 18. Bxe4 {[%emt 0:05:34]} dxe4 {[%emt 0:01:15]} 19. Qe2 {[%emt 0:02:37]} Qd5 {[%emt 0:01:29]} 20. Be3 {[%emt 0:02:20]} Bxe3 {[%emt 0:02:29]} 21. fxe3 {[%emt 0:01:37]} Rxf1+ {[%emt 0:03:39]} 22. Rxf1 {[%emt 0:00:35]} Rd8 {[%emt 0:01:15]} 23. Qg4 {[%emt 0:02:40]} h6 {[%emt 0:03:06]} 24. Qf5 {[%emt 0:03:03]} Qxf5 {[%emt 0:01:09]} 25. Rxf5 {[%emt 0:00:04]} Rd1+ {[%emt 0:00:33]} 26. Rf1 {[%emt 0:01:58]} Rd2 {[%emt 0:00:36]} 27. Rf2 {[%emt 0:00:20]} c3 {[%emt 0:02:58]} 28. bxc3 {[%emt 0:01:05]} Rd1+ {[%emt 0:00:13]} 29. Rf1 {[%emt 0:00:41]} Rd2 {[%emt 0:02:24]} 30. Rf2 {[%emt 0:01:39]} Rd1+ {[%emt 0:00:07]} 31. Rf1 {[%emt 0:02:08]} Rd2 {[%emt 0:00:09]} 32. Rf2 {[%emt 0:03:30]} Rd1+ {[%emt 0:00:06]} 1/2-1/2